BIBLIOTHÈQUE DE LA MAISON DU MEXIQUE

Logo 1 Logo 2

Hegel (notice nᵒ 850)

détails MARC
000 -Sello discográfico
campo de control de longitud fija 01024nam a2200313 4500
005 - Identificación de versión
campo de control 20251016082447.0
035 ## - Otros números de control del sistema
Número de control del sistema 5772
099 ## - fechas locales
Tipo de ítem Koha LIBRO
100 ## - Datos de procesamiento general
Datos de procesamiento general 19960716d19771971m y1spay5003 ba
101 ## - Idioma del recurso
Idioma del texto, banda sonora, etc. Español; Castellano
Idioma de la obra original Francés
105 ## - Campo de datos codificados: Material textual, monográfico
Datos codificados de monografía y 001zy
200 1# - Título y mención de responsabilidad
Título propio Hegel
Designación general del material texto impreso
Otra información del título ensayo sobre la formación del sistema hegeliano
Primer mención de responsabilidad Jean-Michel Palmier
Declaración de responsabilidad subsiguiente traducción Juan José Utrilla
205 ## - Declaración de edición
Declaración de edición 1a reimpr de la 1a ed
210 ## - Publicación, distribución, etc.
Lugar de publicación, distribución, etc. México
Nombre del editor, distribuidor, etc. Fondo de Cultura Económica
Fecha de publicación, distribución, etc. 1977
215 ## - Descripción física
Designación de material específico y extensión del ítem 118 p
Dimensiones 17 cm
345 ## - Nota de información de adquisición
Fuente de adquisición/dirección de la suscripción [OBSOLETO] Donación
410 #1 - Series
Título Breviarios del Fondo de Cultura Económica
Número de volumen 220
454 #1 - Traducción de
Título Hegel, essai sur la formation du système hégélien
600 ## - Nombre personal usado como materia
Elemento de entrada Hegel
Parte del nombre distinta del elemento de entrada Georg Wilhelm Friedrich
Fechas 1770-1831
Número Koha 2310
660 ## - Código de área geográfica
Código MX
700 ## - Nombre personal - Responsabilidad primaria
Elemento de entrada Palmier
Parte del nombre distinta del elemento de entrada Jean-Michel
Fechas 1944-
Número Koha 2311
702 ## - Nombre personal - Responsabilidad secundaria
Elemento de entrada Utrilla
Parte del nombre distinta del elemento de entrada Juan José
Fechas 1932-
Número Koha 2309
801 #0 - Fuente de origen
Agencia cm
900 ## -
-- 1/12496
900 ## -
-- 710961989\\160796
942 ## - ELEMENTOS DE ENTRADA SECUNDARIOS (KOHA)
Tipo de ítem Koha Livre
996 ## -
-- MEX
-- 751145101
-- MMAG
-- 004702
-- 082.1 B846 V.220
-- 20210427LIV
Exemplaires
Estatus retirado Estado de daño Estado de pérdida Fecha de adquisición Biblioteca de origen Biblioteca actual Ubicación en estantería Código de barras Precio de reemplazo Signatura topográfica completa No para préstamo Tipo de ítem Koha Nota pública Nota no pública
      05/08/2025 Casa México Paris Casa México Paris   004702 05/08/2025 082.1 B846 V.220   Livre 20210427LIV 751145101